000 00345nam a2200133Ia 4500
003 GCL
008 140319s9999 xx 000 0 ara d
040 _aGCL /
_cGCL
082 0 4 _a243
_bج م
245 1 0 _aالملائكة حقيقتهم وجودهم صفاتهم
260 _a[S.N] :
_bجروس برس ،
_c1991
300 _a160 ص
490 _a
999 _c54923
_d54923